A Sorbonne szombaton díszdoktorrá avatta Szent-Györgyi professzort ,A tudományok annaleseiben elmúlhatatlan dátumok jellemzik egyetemes fontosságú felfedezédeit"
Elmentve itt :
| Dokumentumtípus: | Cikk |
|---|---|
| Megjelent: |
1938-11-06
|
| Sorozat: | Délmagyarország
14 No. 241 |
| Kulcsszavak: | Szent-Györgyi Albert, Sorbonne egyetem díszdoktorság |
| Online Access: | http://dmarchiv.bibl.u-szeged.hu/33193 |
| LEADER | 00585nab a2200145 i 4500 | ||
|---|---|---|---|
| 001 | delm33193 | ||
| 005 | 20180927105625.0 | ||
| 008 | 180927s1938 hu o 0|| hun d | ||
| 040 | |a SZTE Délmagyarország Archívum |b hun | ||
| 041 | |a hun | ||
| 245 | 0 | 2 | |a A Sorbonne szombaton díszdoktorrá avatta Szent-Györgyi professzort |h [elektronikus dokumentum] : |b ,A tudományok annaleseiben elmúlhatatlan dátumok jellemzik egyetemes fontosságú felfedezédeit" |
| 260 | |c 1938-11-06 | ||
| 300 | |a 4 | ||
| 490 | 0 | |a Délmagyarország |v 14 No. 241 | |
| 695 | |a Szent-Györgyi Albert, Sorbonne egyetem díszdoktorság | ||